Nommez ces joueurs de basket-ball 2 - Statistiques

Statistiques générales
  • Ce quiz a été pris 836 fois
    815 depuis la dernière actualisation
  • Le résultat moyen est 7 sur 16
Statistiques - réponses
Par images Réponse % Correct
Luka Doncic
92%
Giannis Antetokounmpo
78%
Steve Nash
74%
Dirk Nowitzki
62%
David Robinson
58%
Julius Erving
53%
Karl Malone
53%
Jerry West
51%
Bob Cousy
36%
Oscar Robertson
32%
Elgin Baylor
28%
Bob Petit
21%
Phil Jackson
21%
Richard Dacoury
6%
Billy Cunningham
3%
Jerry Lucas
1%
Aucun quiz correspondant
Distribution des résultats
% des personnes avec chaque résultat
Percentile par nombre de réponses
Votre historique - résultats
Vous n’avez pas pris ce quiz depuis la dernière actualisation